000
00292nam a22001337a 4500
008
170526b xxu||||| |||| 00| 0 eng d
020
_a
071549059552
041
_a
eng
080
_a
621.3
100
_a
25
101
_a
IM
245
_a
BASIC WIRING TECHNIQUES
_c
SMITH, CH
942
_2
udc
_c
BK
999
_c
14429
_d
14429